Matches Goldberg Lost (WWE/WCW) - Statistics

General Stats
  • This quiz has been taken 190 times
    177 since last reset
  • The average score is 29 of 41
Answer Stats
Company Date Event Match Type Winner % Correct
WWE April 2, 2017 WrestleMania 33 Brock Lesnar
95%
WWE August 24, 2003 SummerSlam Elimination Chamber Match Triple H
93%
WWE November 17, 2003 Raw 3-on-1 Handicap Match Triple H
93%
WWE December 14, 2003 Armageddon Triple Threat Match Triple H
93%
WWE June 7, 2019 Super Showdown The Undertaker
91%
WCW March 15, 1999 Monday Nitro Tag Team Match Hollywood Hogan
88%
WCW December 27, 1998 Starrcade No DQ Match Kevin Nash
88%
WCW March 15, 1999 Monday Nitro Tag Team Match Kevin Nash
88%
WCW November 22, 1999 Monday Nitro Tag Team Match Kevin Nash
88%
WCW December 13, 1999 Monday Nitro Tag Team Match Kevin Nash
88%
WCW December 14, 1999 Thunder Handicap House of Pain Match Kevin Nash
88%
WCW July 3, 2000 Monday Nitro Battle Royal Kevin Nash
88%
WCW August 13, 2000 New Blood Rising Triple Threat Match Kevin Nash
88%
WCW September 4, 2000 Monday Nitro 4 vs. 4 WarGames 2000 Match Kevin Nash
88%
WWE November 17, 2003 Raw 3-on-1 Handicap Match Randy Orton
82%
WWE January 29, 2017 Royal Rumble Royal Rumble Match Randy Orton
82%
WWE April 4, 2020 WrestleMania 36 Braun Strowman
79%
WWE November 17, 2003 Raw 3-on-1 Handicap Match Batista
78%
WCW November 8, 1999 Monday Nitro 4-Way Ladder Match Scott Hall
76%
WCW November 22, 1999 Monday Nitro Tag Team Match Scott Hall
76%
WCW December 13, 1999 Monday Nitro Tag Team Match Scott Hall
76%
WWE January 31, 2021 Royal Rumble Drew McIntyre
73%
WCW November 29, 1999 Monday Nitro 3-Way Tag Team Cage Match Chris Benoit
70%
WWE January 25, 2004 Royal Rumble Royal Rumble Match Chris Benoit
70%
WCW October 25, 1999 Monday Nitro Bret Hart
68%
WCW November 29, 1999 Monday Nitro 3-Way Tag Team Cage Match Bret Hart
68%
WCW December 19, 1999 Starrcade No DQ Match Bret Hart
68%
WCW December 20, 1999 Monday Nitro Bret Hart
68%
WCW September 4, 2000 Monday Nitro 4 vs. 4 WarGames 2000 Match Scott Steiner
65%
WCW September 17, 2000 Fall Brawl No DQ Match Scott Steiner
65%
WCW July 24, 2000 Monday Nitro Booker T
64%
WCW April 26, 1999 Monday Nitro No DQ 4-Way Match Diamond Dallas Page
62%
WCW August 2, 1999 Monday Nitro Tag Team Match Rick Steiner
61%
WCW January 14, 2001 Sin Tag Team Match Lex Luger
48%
WCW June 26, 2000 Monday Nitro Fatal 4-Way Match Jeff Jarrett
41%
WCW July 10, 2000 Monday Nitro Fatal 4-Way Match Jeff Jarrett
41%
WCW September 4, 2000 Monday Nitro 4 vs. 4 WarGames 2000 Match Jeff Jarrett
41%
WCW January 14, 2001 Sin Tag Team Match Buff Bagwell
40%
WCW September 4, 2000 Monday Nitro 4 vs. 4 WarGames 2000 Match Vince Russo
34%
WCW August 2, 1999 Monday Nitro Tag Team Match Sid Vicious
18%
WCW October 13, 2000 Thunder Battle Royal Mike Awesome
9%
No matching quizzes found
Score Distribution
Percent of People with Each Score
Percentile by Number Answered
Your Score History
You have not taken this quiz since the last reset